=LDR 00000nam 2200000 4500 =001 INLIS000000000015202 =005 20130612110501 =008 ***********************************Ind** =035 ##$$0010-061300000015202 =041 ##$$a Ind =082 ##$$a 635.648 =090 ##$$a 636.648, RAC-b =100 ##$$a Rachmad, Kadir =245 ##$$a Beternak Okra, Kadir Rachman =260 ##$$a 1991 $b Yogyakaata =300 ##$$a 39 hlm, Ilus, 21 cm =650 ##$$a Okra =700 ##$$a Sudiarto, Yudo =850 ##$$a NBPNMAT